[Event "Malopolska Region-chB"]
[Site "Krakow"]
[Date "2021.06.03"]
[Round "1"]
[White "Kot, Jerzy"]
[Black "Andrijew, Wojciech"]
[Result "1-0"]
[WhiteElo "1927"]
[BlackElo "1375"]
[PlyCount "125"]
[EventDate "2021.06.03"]
[EventType "swiss"]
[EventRounds "7"]
[EventCountry "POL"]
[SourceTitle "EXT 2023"]
[Source "ChessBase"]
[SourceDate "2022.10.05"]
[SourceVersion "1"]
[SourceVersionDate "2022.10.05"]
[SourceQuality "1"]

1. e4 e5 2. d4 exd4 3. Nf3 Bb4+ 4. c3 dxc3 5. Nxc3 Bxc3+ 6. bxc3 Ne7 7. Bc4 0-0 8. 0-0 Nbc6 9. Ba3 d6 10. h3 Be6 11. Bxe6 fxe6 12. Qb3 Kh8 13. Ng5 Rf6 14. Nxe6 Qd7 15. Nd4 Rg6 16. Kh2 Nxd4 17. cxd4 Qc6 18. d5 Qb6 19. Qc3 Rf8 20. f3 c6 21. dxc6 bxc6 22. Rad1 Qc7 23. Kh1 c5 24. Rf2 Nc6 25. f4 Qa5 26. Qe3 Qa4 27. Re1 Nd4 28. f5 Rgf6 29. Qd3 Qb5 30. Qxb5 Nxb5 31. Bb2 R6f7 32. g4 Re8 33. Rd2 Rfe7 34. a4 Nc7 35. Rxd6 Rxe4 36. Rxe4 Rxe4 37. Rd7 Ne8 38. Rxa7 Re1+ 39. Kg2 Re2+ 40. Kf3 Rxb2 41. Ra8 Kg8 42. Rxe8+ Kf7 43. Rc8 Rb3+ 44. Kf4 Rb4+ 45. Ke5 c4 46. Rc7+ Kf8 47. a5 c3 48. Rxc3 Rb5+ 49. Ke6 g6 50. f6 Rb8 51. Rc6 Re8+ 52. Kd6 Kf7 53. Kc7 h5 54. a6 hxg4 55. hxg4 g5 56. a7 Re4 57. a8Q Re8 58. Qa2+ Kf8 59. Qa3+ Kg8 60. Qe7 Rxe7+ 61. fxe7 Kh7 62. e8Q Kg7 63. Rg6+ 1-0